Welcome to CU Library Online Public Access Catalogue (OPAC)

Intermediate Algebra/ (Record no. 1281)

MARC details
000 -LEADER
fixed length control field 00506nam a22001697a 4500
005 - DATE AND TIME OF LATEST TRANSACTION
control field 20241118141853.0
008 - FIXED-LENGTH DATA ELEMENTS--GENERAL INFORMATION
fixed length control field 241118b |||||||| |||| 00| 0 eng d
020 ## - INTERNATIONAL STANDARD BOOK NUMBER
International Standard Book Number 9780077476199
050 ## - LIBRARY OF CONGRESS CALL NUMBER
Classification number QA154.3
Item number .D85
100 ## - MAIN ENTRY--PERSONAL NAME
Personal name Dugopolski, Mark
245 ## - TITLE STATEMENT
Title Intermediate Algebra/
Statement of responsibility, etc. Mark Dugopolski
250 ## - EDITION STATEMENT
Edition statement 7th Ed.
Remainder of edition statement Annotated Instructor's Edition
260 ## - PUBLICATION, DISTRIBUTION, ETC.
Place of publication, distribution, etc. New York
Name of publisher, distributor, etc. McGraw-Hill
Date of publication, distribution, etc. 2012
300 ## - PHYSICAL DESCRIPTION
Extent xxx.804.various pagings
Other physical details ill. some color
Dimensions 26cm
650 ## - SUBJECT ADDED ENTRY--TOPICAL TERM
Source of heading or term Algebra
942 ## - ADDED ENTRY ELEMENTS (KOHA)
Source of classification or shelving scheme Library of Congress Classification
Koha item type Books
Edition 7th Ed.
Suppress in OPAC No
999 ## -
-- 1281
-- 1281
Holdings
Withdrawn status Lost status Source of classification or shelving scheme Damaged status Not for loan Collection Home library Current library Shelving location Date acquired Total checkouts Full call number Barcode Date last seen Copy number Price effective from Koha item type
    Library of Congress Classification     Non-fiction Science Library (Miotso) Science Library (Miotso) General stacks 11/18/2024   QA154.3 .D85 DUG SLM00000625 11/18/2024 1 11/18/2024 Books
    Library of Congress Classification     Non-fiction Science Library (Miotso) Science Library (Miotso) General stacks 11/22/2024   QA154.3 .D85 DUG SLM00000796 11/22/2024 2 11/22/2024 Books
© 2023-2024 Copyright: Central University Libraries. All Rights Reserved | Created by: Mahone Tech Office